The Universe of Conics From the ancient Greeks to 21st century developments

Gespeichert in:
Bibliographische Detailangaben
Format: Buch
Sprache:Englisch
Veröffentlicht: Berlin Springer Spektrum 2016
Ausgabe:1. vyd.
Tags: Tag hinzufügen
Keine Tags, Fügen Sie das erste Tag hinzu!

MARC

LEADER 00000nam a22000003a 4500
001 0064857
003 SK-STU
005 20180503112834.7
007 ta
008 180503s ----xo-----e------000-0-----d
020 |a 978-3-662-45449-7 
040 |a STU  |b slo 
041 0 |a eng 
245 1 0 |a The Universe of Conics  |b From the ancient Greeks to 21st century developments 
250 |a 1. vyd. 
260 |a Berlin  |b Springer Spektrum  |c 2016 
300 |a 488 s. 
996 |b 284J045426  |c J* 118375  |l JJSK  |s A  |a 24  |w 0064857_0001